000 00314nam a22001217a 4500
008 190311b xxu||||| |||| 00| 0 eng d
041 _aeng
080 _a043.3
100 _a0
101 _aSHKI-BA
245 _aZhvillimi i një forumi Single-Page Application, me teknologjine VUE JS
_cJahaj,E
942 _2udc
_cBK
999 _c54684
_d54684